Φωτογράφος

Saved in:
Bibliographic Details
Format: Serial
Language:Greek
Published: Αθήνα : Καθημερινή A.E., 1990-
Subjects:
Tags: Add Tag
No Tags, Be the first to tag this record!

MARC

LEADER 00000nas a2200000 i 4500
001 1/18773
008 010321c19909999 gre d
022 |a 11053941 
035 |l 10066609 
040 |a GR-MY-UA  |b gre  |e aacr 
041 0 |a gre 
082 0 |a 770.5 
245 1 0 |a Φωτογράφος  |h [περιοδικό] 
260 |a Αθήνα :   |b Καθημερινή A.E.,   |c 1990- 
300 |a τχ.;  |b εικ.;  |c 27 εκ. 
310 |a Το περιοδικό εκδίδεται στις αρχές κάθε μήνα εκτός Ιανουαρίου και Αυγούστου 
650 0 0 |a Photography  |x Periodicals. 
853 |a INST  |b SAMOS  |c SER 
853 |a INST  |b SYROS  |c SER 
922 |a 5ΕΛΗ  |b 200001  |c ΚΕΝΤΡΙΚΗ ΒΙΒΛΙΟΘΗΚΗ  |d ΒΛΑΧΑΚΟΣ 
922 |a 3ΕΛΗ  |b 200106  |c ΚΕΝΤΡΙΚΗ ΒΙΒΛΙΟΘΗΚΗ  |d ΒΛΑΧΑΚΟΣ